| 000 | 00487nam a2200157 4500 | ||
|---|---|---|---|
| 082 | _aBESE-3 ZAF | ||
| 100 | _aATIQA ZAFAR | ||
| 245 | _aOPTIMERA CONSTRAINT OPTIMIZATION SOLVER | ||
| 260 |
_aISLAMABAD _bNUST-SEECS _c2016 |
||
| 300 |
_aPv. _eCD INCLUDES |
||
| 563 | _aHB | ||
| 856 | _uhttp://10.250.8.41:8080/xmlui/handle/123456789/6862 | ||
| 942 |
_2ddc _cPR |
||
| 999 |
_c173110 _d173110 |
||